000 01237cam a2200325 a 4500
001 1071371
003 ARRUPE
005 20160427123522.0
008 911004s1993 nyuag b 001 0deng
010 _a 91033315
020 _a081562560X (alk. paper)
020 _a0815626118 (pbk.)
040 _aDLC
_cDLC
_dDLC
043 _ae------
050 0 0 _aBV5077.E85
_bM27 1993
082 0 0 _a248.2/2/082
_220
100 _a Wiethaus, Ulrike
_924145
245 0 0 _aMaps of flesh and light :
_bthe religious experience of medieval women mystics /
_cedited by Ulrike Wiethaus.
250 _a1st ed.
260 _aSyracuse, N.Y. :
_bSyracuse University Press,
_c1993.
300 _axii, 206 p. :
_bill., music ;
_c24 cm.
504 _aIncludes bibliographical references (p. 183-197) and index.
650 0 _aWomen mystics
_zEurope.
_924146
650 0 _aMysticism
_zEurope
_xHistory
_yMiddle Ages, 600-1500.
_924147
650 0 _aExperience (Religion)
_924148
700 1 _aWiethaus, Ulrike.
_924149
906 _a7
_bcbc
_corignew
_d1
_eocip
_f19
_gy-gencatlg
942 _2lcc
_cMONOGRAPH
999 _c124723
_d124723